[Event "GER-chT U16"]
[Site "Lingen"]
[Date "2015.12.27"]
[Round "2.3"]
[White "Erlekam, Simon"]
[Black "Klee, Otto"]
[Result "1/2-1/2"]
[WhiteElo "1774"]
[BlackElo "1515"]
[PlyCount "88"]
[EventDate "2015.12.27"]
[EventType "team-swiss"]
[EventRounds "7"]
[EventCountry "GER"]
[SourceTitle "EXT 2017"]
[Source "ChessBase"]
[SourceDate "2016.10.25"]
[SourceVersion "1"]
[SourceVersionDate "2016.10.25"]
[SourceQuality "1"]
[WhiteTeam "Gau Algesheim"]
[BlackTeam "Weimar Vimaria"]
[WhiteTeamCountry "GER"]
[BlackTeamCountry "GER"]

1. e4 c5 2. Nf3 Nc6 3. Nc3 Nf6 4. d4 cxd4 5. Nxd4 e5 6. Ndb5 d6 7. Bg5 a6 8. Na3 b5 9. Nd5 Be7 10. Bxf6 Bxf6 11. c3 0-0 12. Nc2 Bb7 13. Be2 Ne7 14. Nce3 Bg5 15. Nxe7+ Qxe7 16. Nd5 Qd8 17. 0-0 f5 18. Bf3 fxe4 19. Bxe4 Rc8 20. Nf6+ Rxf6 21. Bxb7 Rb8 22. Bd5+ Kh8 23. b3 b4 24. cxb4 Rxb4 25. Bc4 a5 26. Qd5 Rb8 27. a3 Qc7 28. b4 Rf4 29. Bb3 axb4 30. a4 Rd4 31. Qe6 Qe7 32. Qf5 Bd2 33. a5 g6 34. Qc2 Bc3 35. Ra4 Ra8 36. a6 d5 37. Qe2 Qd6 38. Qb5 Ra7 39. Qb7 Qc5 40. Qb8+ Kg7 41. Ra5 Qe7 42. Rb5 Rf4 43. Bxd5 Rf8 44. Qb6 Rf6 1/2-1/2